| 000 | 00439nam a2200157Ia 4500 | ||
|---|---|---|---|
| 008 | 210210b1975 xxu||||| |||| 00| 0 eng d | ||
| 082 | _a530 ALOF | ||
| 100 | _aALONSO (Marcelo) and FINN (Edward J). | ||
| 245 | _aFundamental university physics. V3-Quantum & statistical physics. | ||
| 260 |
_aLondon _bAddison-Wesley _c1975 |
||
| 300 | _aix,598 | ||
| 440 | _a3 | ||
| 650 | _aUniversity physics | ||
| 690 | _aPhysics | ||
| 906 | _aSG01082 | ||
| 999 |
_c112257 _d112257 |
||